Original EU Quiz Stats

Quiz Updated Feb 16, 2013

Also try: Is It In EU?
Challenge
Share
Tweet
Embed
Score 0/6 Timer 00:30
6 Plays Today
Country % Correct
France
97.7%
West Germany
96.3%
Italy
82.1%
Belgium
70%
Netherlands
65.4%
Luxembourg
45.4%

You're not logged in!

Compare scores with friends on all Sporcle quizzes.
Sign Up with Email
OR
Log In

You Might Also Like...

Show Comments

Extras

Top Quizzes Today


Score Distribution

Your Account Isn't Verified!

In order to create a playlist on Sporcle, you need to verify the email address you used during registration. Go to your Sporcle Settings to finish the process.

Report this User

Report this user for behavior that violates our Community Guidelines.

Details: